000 00450nam a2200181Ia 4500
001 19616
005 20260306172706.0
008 260306t2019||||xx |||||||||||||| ||spa||
041 _aESP
082 _a340.7
_bC75 Nº 39
100 _aAlbán, Walter
_eAUT
245 0 _aLa Defensoría del Pueblo en el Perú y en el mundo
260 _c2019
300 _a155 páginas :
_c20 cm.
650 _aGEN
654 _aCDE
942 _cLIB
_dJUS
_fJUS
_2ddc
_n
999 _c19616
_d19616